00633nam a2200193Ia 4500008004100000020001500041082001700056100001400073245002500087250000600112260003800118300001500156500002400171650001400195942000700209952010900216952009700325999001700422230524s9999 xx 000 0 und d a8174092161 a629.222bGIR aN.K. Giri 0aAutomobile Mechanics a8 aNew DelhibKhanna Publisherc2012 a"1;1015p," aQuantity Number: 2 aMechanics cBK 00104070aTATCLbTATCLcGENd2023-05-24l1o629.222 GIRp51003r2024-07-20s2024-01-25w2023-05-24yBK 00104070aTATCLbTATCLcGENd2023-05-24l0o629.222 GIRp51004r2023-05-24w2023-05-24yBK c54348d54348